000 00563nam a2200217Ia 4500
005 20240302102549.0
008 131103s9999 xx 000 0 und d
040 _aLoreto College
041 _aEnglish
082 _a370.954
_bTAG-CHA
100 _aChaudhuri,Narayan
245 _aMaharshi Devendranath Tagore
_cNarayan Chaudhuri
260 _aDelhi
_bSahitya Akademi
_c1973
300 _a74 p.
440 _aMakers Of Indian Literature
504 _aIncludes bibliography
650 _aEducation
651 _aIndia
850 _aLCLIB
942 _cBK
999 _c9134
_d59613